Manual de procedimiento civil: el juicio ejecutivo

Guardat en:
Dades bibliogràfiques
Autor principal: Espinosa Fuentes, Raúl (Autor)
Format: Llibre
Idioma:espanyol
Publicat: Santiago Jurídica de Chile 1977
Edició:7a. ed
Matèries:
Etiquetes: Afegir etiqueta
Sense etiquetes, Sigues el primer a etiquetar aquest registre!

MARC

LEADER 00000nam a2200000 a 4500
001 UCY0215
003 CL-VaPUC
008 940719e19770000CL |||||||||||||||||spa|d
082 0 4 |a 347.8307  |b ESP  |2 21 
100 0 |a Espinosa Fuentes, Raúl  |e author  |9 327847 
245 1 0 |a Manual de procedimiento civil: el juicio ejecutivo 
250 |a 7a. ed 
300 |a 241 p 
942 |c BK 
945 |d 19940719 00:00:00  |a aalvarez 
260 |a Santiago  |b Jurídica de Chile  |c 1977 
650 0 |a Procedimiento civil  |9 254870 
650 0 |a Juicio ejecutivo  |9 254866 
651 7 |a CHILE  |2 CL-VaPUC  |9 327848 
583 |a last modification  |c 19940719 00:00:00  |k Rodrigo Vera 
999 |c 229269  |d 229267 
952 |0 0  |1 0  |4 0  |6 347_830700000000000_ESP_1977  |7 0  |8 A  |9 230169  |a BIBDER  |b BIBDER  |d 2019-11-15  |i 2996774  |o 347.8307 ESP 1977  |p 2996774  |r 2023-01-25  |w 2019-11-15  |y BK  |k DER